000 00727nam a22001817a 4500
999 _c17911
_d17911
003 OSt
005 20230127134746.0
008 230127b ||||| |||| 00| 0 eng d
040 _c0
082 _aDPer 910.46 T156 2019 v76PA-76PB
100 _aLynn, Michael.
_eauthor.
_946785
245 _aHow hospitality brands grow :
_bwhat hospitality marketers should know about Andrew Ehrenberg's work (invited paper for 'luminaries' special issue of international journal of hospitality management) /
_cMichael Lynn.
260 _aAmsterdam :
_bElsevier,
_c©January 2019.
300 _av 76PB, pages 70-80 : illustrations.
650 _aHospitality industry.
_947652
700 _aLynn, Michael.
_eauthor.
_946785
942 _2ddc
_cPER